The uncle sam activity book : Language development handouts to teach U.S. history and government

Uncle Sam Activity Book (beginning to intermediate) contains 72 innovative, reproducible, classroom-ready handouts for learners to develop language skills while learning U.S. history and governement. There is a variety of learning tasks and games to provide something for every learning style. Songs,...

Szczegółowa specyfikacja

Zapisane w:
Opis bibliograficzny
1. autor: Bohlam, Carolyn
Format: Książka
Język:Undetermined
Wydane: Lincolnwood ( Illinois ) Contemporacy Books 2000
Hasła przedmiotowe:
Etykiety: Dodaj etykietę
Nie ma etykietki, Dołącz pierwszą etykiete!
Thư viện lưu trữ: Trung tâm Học liệu Trường Đại học Cần Thơ
LEADER 01273nam a2200217Ia 4500
001 CTU_125882
008 210402s9999 xx 000 0 und d
082 |a 428.24 
082 |b B676 
100 |a Bohlam, Carolyn 
245 4 |a The uncle sam activity book : 
245 0 |b Language development handouts to teach U.S. history and government 
245 0 |c Carolyn Bohlman and Catherine Porter 
260 |a Lincolnwood ( Illinois ) 
260 |b Contemporacy Books 
260 |c 2000 
520 |a Uncle Sam Activity Book (beginning to intermediate) contains 72 innovative, reproducible, classroom-ready handouts for learners to develop language skills while learning U.S. history and governement. There is a variety of learning tasks and games to provide something for every learning style. Songs, akits, sotries, pictures, charts, map work, sequencing, listening activities, bingo, strip stories, information gaps, and match-ups are some of the activity types included. Teacher's notes help you prepare for each exercise by listing supplies needed, types of activities, akills and INS information taught, and much more! 
650 |a English language,American 
650 |x History 
904 |i Lê Giang 
980 |a Trung tâm Học liệu Trường Đại học Cần Thơ